1026 1796 1844 1359 1591 1032 1499 1476 1402 1343 1742 1505 1426 1448 1094 1304 1143 1093 1580 1867 1909 1357 1343 1347 1057 1709 1822 1845 1355 1431 1139 1570 1836 1269 1115 1587 1034 1432 1778 1123 1470 1635 1045 1540 1771 1850 1708 1192 1083 1960 1597 1224 1491 1009 1437 1103 1964 1199 1216 1409 1711 1897 1680 1962 1550 1964 1468 1780 1844 1227 1922 1188 1068 1895 1126 1272 1563 1255 1257 1006 1137 1956 1157 1564 1524 1282 1121 1331 1858 1474 1530 1822 1915 1336 1293 1981 1312 1036 1671 BCNSPRNW ULIB Ver.6.0+V

เปลี่ยนเป็นภาษาไทย

Change to English
 แสดงรายละเอียดบรรณานุกรม
  กลับหน้าหลัก

Brief Record : Get Marc (ISO 2709) : E-mail record : QR code < ปิดหน้าต่าง
LEADER : 00000nam 2200000uu 4500
001    13399127198
003     ULIB
008    191021s2562||||th 000 0 tha d
020 ^- ^a9786160036073
050 ^- ^aนว.^bบ895อ^cล.2
100 ^- ^aแบมแบม.
245 10 ^aอาณาจักรพระอาทิตย์ เล่ม 2 (SETTING SUN) /^cแบมแบม.
250 ^- ^aพิมพ์ครั้งที่ 1.
260 ^- ^aปทุมธานี :^bDeep,^c2562
300 ^- ^a301 หน้า.
945    ^p650^l0^i27891
999    ^aกัณชพร จุลอักษร
รายการนี้ยังไม่มีแท็ก
คุณยังไม่ได้ล็อกอิน คุณสามารถมีกิจกรรมร่วมกับเว็บไซต์ได้ แต่ต้องล็อกอินก่อน ::
  ล็อกอิน

รายการสื่อสารสนเทศ

ลำดับที่ ประเภท เลขเรียก/บาร์โค้ด สถานที่ สถานะ
1. วิทยาศาสตร์การแพทย์ และสุขภาพ
วิทยาศาสตร์การแพทย์ และสุขภาพ
นว. บ895อ ล.2 ฉ.1 
  Barcode: 27891
ห้องสมุดวิทยาเขตนครสวรรค์
►นวนิยาย:l:Fiction
บนชั้น
Note:1 ชุด 650บาท

รายการใกล้เคียง
    ผู้แต่ง [แบมแบม.]

BibComment


ยังไม่เคยถูกคอมเมนท์

คอมเมนท์ทรัพยากรรายการนี้
  คอมเมนท์: อาณาจักรพระอาทิต..


 Copyright 2026. Bcnsprnw @Library